One Punch Man - personnages arc association des monstres - Statistiques

Statistiques générales
  • Ce quiz a été pris 50 fois
  • Le résultat moyen est 18 sur 51
Statistiques - réponses
Hint Réponse % Correct
G (Dieu)
98%
Genos
88%
Tatsumaki
88%
Saitama
85%
Bang
70%
Garou
70%
Petit Empereur
70%
Kamikaze
68%
APANYAN Blast
65%
King
65%
Orochi
63%
Batte
60%
Super Black Brillant
58%
Beaugosse Masqué
55%
Pri Pri Prisonnier
55%
Zombieman
55%
Pur Porc
53%
Master Marcel
50%
Flashy Flash
45%
Fubuki
45%
Mécavalier
45%
Bomb
33%
Supersado
30%
Grand Rex
28%
Gencive
25%
Homme-Phénix
25%
Mutant
25%
Empereur des SDF
20%
Grande Scolopendre Patriarche
20%
Iairon
20%
Laideur Suprême
20%
Travestoc
20%
Eau Minérale Maléfique
18%
Nyan
18%
Bushidozer
15%
Eventreur Royal
13%
Vampire
13%
Flame
10%
Psychos
10%
Sage des Scolopendres
10%
Wind
10%
G5
8%
Insecte Divin
8%
Spermatozoides Noirs
8%
Vakuuma
8%
Cheveux Démoniaques
5%
Moustachute
5%
Rhino-féroce
5%
Sekingal
5%
Capitaine Mizuki
3%
Needle Star
3%
Aucun quiz correspondant
Distribution des résultats
% des personnes avec chaque résultat
Percentile par nombre de réponses
Votre historique - résultats
Vous n’avez pas pris ce quiz